Statistics for Država koje počinju slovom B

Click here to take the quiz!

General Stats

  • This quiz has been taken 948 times
    (882 since last reset)
  • The average score is 8 of 17

Answer Stats

Zmlje% Correct
Belgija
83%
Bugarska
82%
Bosna i Hercegovina
72%
Bolivija
68%
Brazil
64%
Bjelorusija
62%
Bangladeš
56%
Bocvana
54%
Butan
43%
Barbados
38%
Belize
35%
Benin
35%
Bahami
34%
Bahrein
31%
Burundi
31%
Brunej
27%
Burkina Faso
27%

Score Distribution

Percentile by Number Answered

Percent of People with Each Score

Your Score History

You have not taken this quiz since the last reset